Islam, institutioneller Wandel und wirtschaftliche Entwicklung

Saved in:
Bibliographic Details
Main Author: Leipold, Helmut
Format: Book
Language:German
Published: Stuttgart Lucius et Lucius 2001
Series:Studien zur Ordnungsökonomik Nr.27
Subjects:
Tags: Add Tag
No Tags, Be the first to tag this record!

MARC

LEADER 00000nam a2200000 4500
001 c133539
005 20221124103326.3
020 |a 3-8282-0206-3 
041 0 |a ger 
044 |a DE 
245 1 0 |a Islam, institutioneller Wandel und wirtschaftliche Entwicklung  |c Helmut Leipold 
264 1 |a Stuttgart  |b Lucius et Lucius  |c 2001 
300 |a 44 s. 
490 1 |a Studien zur Ordnungsökonomik  |v Nr.27 
830 0 |a Studien zur Ordnungsökonomik  |v Nr.27 
610 2 0 |a náboženstvo 
610 2 0 |a rozvoj hospodársky 
610 2 0 |a islam 
610 2 0 |a právo 
610 2 0 |a vývoj 
610 2 0 |a štúdie 
100 1 |a Leipold, Helmut